| 000 -LEADER |
| fixed length control field |
00799nam a22001337a 4500 |
| 040 ## - CATALOGING SOURCE |
| Transcribing agency |
RUA |
| 082 ## - DEWEY DECIMAL CLASSIFICATION NUMBER |
| Classification number |
AGR SUN 2013 B054 Or.1 |
| 100 ## - MAIN ENTRY--AUTHOR NAME |
| Personal name |
SUN, SREYPOV. |
| 245 ## - TITLE STATEMENT |
| Title |
The comparison of kind of herbicides on phka rumduol rice variety under mid season condition at angkorchey district kompot province ប្រៀបធៀបថ្នាំកំចាត់ស្មៅផ្សេងៗលើពូជស្រូវផ្ការំដួលក្នុងលក្ខខណ្ឌពាក់កណ្ដាលរដូវវស្សានៅស្រុកអង្គរជ័យ ខេត្ដកំពត |
| 260 ## - PUBLICATION, DISTRIBUTION, ETC. (IMPRINT) |
| Place of publication |
Phnom Penh |
| Name of publisher |
RUA |
| Year of publication |
2013 |
| 300 ## - PHYSICAL DESCRIPTION |
| Number of Pages |
xi; 58p. |
| Other physical details |
ill. |
| Dimensions |
29cm. |
| 856 ## - ELECTRONIC LOCATION AND ACCESS |
| Uniform Resource Identifier |
https://drive.google.com/file/d/1vRk41jgJ9wDkkuR_0SFHSPhIMxHryDVG/view?usp=sharing |
| 942 ## - ADDED ENTRY ELEMENTS (KOHA) |
| Koha item type |
AGR |
| 952 ## - LOCATION AND ITEM INFORMATION (KOHA) |
| Withdrawn status [LOCAL, KOHA] |
0 |
| 952 ## - LOCATION AND ITEM INFORMATION (KOHA) |
| Withdrawn status [LOCAL, KOHA] |
0 |
| 952 ## - LOCATION AND ITEM INFORMATION (KOHA) |
| Withdrawn status [LOCAL, KOHA] |
0 |
| 952 ## - LOCATION AND ITEM INFORMATION (KOHA) |
| Withdrawn status [LOCAL, KOHA] |
0 |
| 952 ## - LOCATION AND ITEM INFORMATION (KOHA) |
| Withdrawn status [LOCAL, KOHA] |
0 |
| 952 ## - LOCATION AND ITEM INFORMATION (KOHA) |
| Withdrawn status [LOCAL, KOHA] |
0 |
| 952 ## - LOCATION AND ITEM INFORMATION (KOHA) |
| Withdrawn status [LOCAL, KOHA] |
0 |
| 952 ## - LOCATION AND ITEM INFORMATION (KOHA) |
| Withdrawn status [LOCAL, KOHA] |
0 |